000 01608nam a2200361 i 4500
003 DO-SdBNP
005 20250703072802.0
007 ta
008 250703b1989 dr ||||| |||| 00| 0 spa d
040 _aDO-SdBNP
_bspa
_cBNPHU
_erda
082 4 _a364.1323
_bR811c, 1989
_222
100 _aRosell, Pedro
_eautor
_4aut.
_935981
245 1 0 _aCrímenes y délitos contra la cosa pública /
_cPedro Rosell.
264 1 _aSanto Domingo :
_bEditorial Tiempo,
_c1989.
300 _avolumen ;
_c22 cm.
336 _atexto
_btxt
_2rdacontent
337 _asin mediación
_bn
_2rdamedia
338 _avolumen
_bnc
_2rdacarrier
490 _aEstudios jurídicos
500 _aLa biblioteca posee el volumen 1.
500 _aIncluye referencias bibliográficas y notas al pie de páginas.
504 _aBibliografía : páginas 363-367
505 0 _aAdvertencia --
_tGeneralidades --
_gCapítulo 1 --
_tCrímenes y delitos contra la seguridad exterior del Estado --
_tCrímenes y delitos contra la seguridad interior del Estado--
_gCapítulo 2--
_tCrímenes y delitos contra la constitución--
_gCapítulo 3--
_tCrimenes y delitos contra la paz pública.
590 _aInventariado, 2025/BT
650 4 _aDelitos contra la seguridad pública
_zRepública Dominicana
_935982
650 4 _aDelitos de los funcionarios
_zRepública Dominicana
_910281
650 4 _aDelitos contra la administración pública
_911654
650 4 _aDelitos contra la autoridad pública
_935983
650 4 _aDesacato a la autoridad
_935984
650 4 _aDerecho penal
_zRepública Dominicana
_916470
910 _aBtavárez
942 _2ddc
_cLBS1
999 _c59417
_d59417